000 00419nam a22001457a 4500
999 _c7609
_d7607
005 20210315153811.0
008 210315b ||||| |||| 00| 0 eng d
082 _a346.066
100 _aAIYAR, A.N
_96466
245 _aREPORTS OF COMPANY CASES INCLUDING CASES OF BANKING AND INSURENCE [VOL-93]
260 _aMADRAS
_bCOMPANY LAW INSTITUTE OF INDIA
_c1998
300 _a960;i-xliv,p
650 _aLAW
_95701
942 _cJRL